| 000 | 00394nam a22001697a 4500 | ||
|---|---|---|---|
| 003 | SGT | ||
| 020 | _a9781496316240 | ||
| 082 |
_a616.855 _bS16V |
||
| 100 | _aVELLEMAN, SHELLEY L. | ||
| 245 | _aSPEECH SOUND DISORDERS | ||
| 250 | _a1ST | ||
| 260 |
_aPHILADELPHIA _bWOLTERS KLUWER PUB _c2016 |
||
| 300 | _a307 | ||
| 650 | _aAUDIOLOGY | ||
| 653 | _aSPEECH SOUND DISORDERS | ||
| 942 |
_2ddc _cBK |
||
| 999 |
_c22988 _d22988 |
||